Statistieken voor Provincie Oost-Vlaanderen - Trivia

Klik hier om de quiz te nemen!

Algemene statistieken

  • Deze quiz is 458 keer genomen
  • De gemiddelde score is 14 van 20

Antwoordstatistieken

OmschrijvingAntwoord% Correct
Aangrenzende provinciesAntwerpen
97%
Aangrenzend landNederland
96%
HoofdstadGent
95%
Aangrenzende provinciesWest-Vlaanderen
92%
Aangrenzende provinciesVlaams-Brabant
89%
Aangrenzende provinciesHenegouwen
85%
Belangrijkste rivierSchelde
85%
Club in de Jupiler Pro LeagueAA Gent
80%
Autosnelweg dwars door de provincieE40 / E17
77%
Deze mondt, in Nederland, uit in deNoordzee
73%
Wielerwedstrijd die over onder meer deze berg gaatRonde van Vlaanderen
73%
Bekende Muur in deze streekMuur van {Geraardsbergen}
70%
Tweede stadAalst
65%
Derde stadSint-Niklaas
65%
Grootste evenementenhal{Flanders} Expo
61%
Andere naam voor het zuiden van de provincieVlaamse Ardennen
56%
Vierde stadDendermonde
52%
Vijfde stadLokeren
45%
Andere naam voor het noorden van de provincie{Waas}land
39%
Hoogste punt{Hotond}berg
19%

Scoreverdeling

Percentiel versus Aantal Correcte Antwoorden

Procent van Mensen met Elke Score

Uw Scoregeschiedenis

U heeft deze quiz nog niet genomen